000 00501nam a2200217Ia 4500
003 GCL
008 140319s9999 xx 000 0 eng d
040 _aGCL /
_cGCL
082 0 4 _aP
_b050
_bT?R
100 1 _aPETER DAVEY
245 1 0 _aTHE ARCHITECTURAL REVIEW /
_cPETER DAVEY
260 _a[S.N] :
_bREVIEW
300 _a86
650 0 4 _aSCIENCE
650 0 4 _aSCHOOLS
650 0 4 _aARCHITECTURE
650 0 4 _aSENSUALITY
650 0 4 _aRESPONSIVE
650 0 4 _aIRREGULARITY
942 _2ddc
_cCR
999 _c25820
_d25820